00406nam a2200097Ia 4500008004100000100002500041245007900066260006400145650001500209856008400224160712s9999 xx 000 0 und d aWebster, Jonathan J. cJonathan J. Webstera“Uncle Never Knew”; What Can Never Be Fully Known c2015bJournal of English Studies and Comparative Literature xLITERATURE uhttp://journals.upd.edu.ph/index.php/jescl/issue/view/Special%20Edition/showToc